书目信息 |
| 题名: |
电视采访
|
|
| 作者: | 曾祥敏 著 | |
| 分册: | ||
| 出版信息: | 北京 中国传媒大学出版社 2018 |
|
| 页数: | 277页 | |
| 开本: | 26cm | |
| 丛书名: | ||
| 单 册: | ||
| 中图分类: | G222.1 , G222 | |
| 科图分类: | ||
| 主题词: | 电视新闻--新闻采访--高等学校--教材 | |
| 电子资源: | ||
| ISBN: | 978-7-5657-2305-6 | |
| 000 | 01354nam0 2200301 450 | |
| 001 | 2345562910 | |
| 005 | 20231226124026.65 | |
| 010 | @a978-7-5657-2305-6@dCNY 49.00 | |
| 100 | @a20180713d2018 em y0chiy0120 ea | |
| 101 | 0 | @achi |
| 102 | @aCN@b110000 | |
| 105 | @aak az 000yy | |
| 200 | 1 | @a电视采访@Adian shi cai fang@b专著@dTel evision interviewing & reporting@e融合报道中的人、故事与视角@f曾祥敏著@zeng |
| 205 | @a3版 | |
| 210 | @a北京@c中国传媒大学出版社@d2018 | |
| 215 | @a277页@c图,照片@d26cm | |
| 300 | @a“十二五”普通高等教育本科国家级规划教材 21世纪广播电视专业实用教材 广播电视专业“十三五”规划教材 | |
| 314 | @a曾祥敏,男,中国传媒大学新闻传播学部电视学院副院长、教授、博士生导师,北京市青年教学名师。主要著作有《电视采访》、《电视新闻学》等。 | |
| 320 | @a有书目(第273-274页) | |
| 330 | @a本书紧紧围绕人、故事、视角三个核心要素,从视听媒介的传播特点出发来结构全书的体例、采访理论和采访方法;结合中外业界优秀电视记者的采访经验,选用国内外优秀作品案例,跟进电视媒介发展的最新趋势。 | |
| 510 | 1 | @aTel evision interviewing & reporting@zeng |
| 517 | 1 | @a融合报道中的人、故事与视角@Arong he bao dao zhong de ren、gu shi yu shi jiao |
| 606 | 0 | @a电视新闻@x新闻采访@x高等学校@j教材 |
| 690 | @aG222.1@v5 | |
| 690 | @aG222@v4 | |
| 701 | 0 | @a曾祥敏@Azeng xiang min@4著 |
| 801 | 2 | @aCN@b辽宁北配@c20231205 |
| 905 | @aBZT@dG222@e5=3 | |
| 电视采访=Tel evision interviewing & reporting:融合报道中的人、故事与视角/曾祥敏著.-3版.-北京:中国传媒大学出版社,2018 |
| 277页:图,照片;26cm |
| “十二五”普通高等教育本科国家级规划教材 21世纪广播电视专业实用教材 广播电视专业“十三五”规划教材 |
| ISBN 978-7-5657-2305-6:CNY 49.00 |
| 本书紧紧围绕人、故事、视角三个核心要素,从视听媒介的传播特点出发来结构全书的体例、采访理论和采访方法;结合中外业界优秀电视记者的采访经验,选用国内外优秀作品案例,跟进电视媒介发展的最新趋势。 |
| ● |
| 相关链接 |
|
|
|
正题名:电视采访
索取号:G222/5=3
 
预约/预借
| 序号 | 登录号 | 条形码 | 馆藏地/架位号 | 状态 | 备注 |
| 1 | 2001712568 | 2001712568 | 辽三/辽宁北配(第三批)/4148/ [索取号:G222/5=3] | 在馆 | |
| 2 | 2001712569 | 2001712569 | 辽三/辽宁北配(第三批)/4148/ [索取号:G222/5=3] | 在馆 | |
| 3 | 2001712570 | 2001712570 | 辽三/辽宁北配(第三批)/4148/ [索取号:G222/5=3] | 在馆 | |
| 4 | 2001712571 | 2001712571 | 辽三/辽宁北配(第三批)/4148/ [索取号:G222/5=3] | 在馆 | |
| 5 | 2001712572 | 2001712572 | 辽三/辽宁北配(第三批)/4148/ [索取号:G222/5=3] | 在馆 | |
| 6 | 2001712573 | 2001712573 | 辽三/辽宁北配(第三批)/4148/ [索取号:G222/5=3] | 在馆 | |
| 7 | 2001712574 | 2001712574 | 辽三/辽宁北配(第三批)/4148/ [索取号:G222/5=3] | 在馆 | |
| 8 | 2001712575 | 2001712575 | 辽三/辽宁北配(第三批)/4148/ [索取号:G222/5=3] | 在馆 | |
| 9 | 2001712576 | 2001712576 | 辽三/辽宁北配(第三批)/4148/ [索取号:G222/5=3] | 在馆 | |
| 10 | 2001712577 | 2001712577 | 辽三/辽宁北配(第三批)/4148/ [索取号:G222/5=3] | 在馆 | |
| 11 | 2001712578 | 2001712578 | 辽三/辽宁北配(第三批)/4148/ [索取号:G222/5=3] | 在馆 | |
| 12 | 2001712579 | 2001712579 | 辽三/辽宁北配(第三批)/4148/ [索取号:G222/5=3] | 在馆 | |
| 13 | 2001712580 | 2001712580 | 辽三/辽宁北配(第三批)/4148/ [索取号:G222/5=3] | 在馆 | |
| 14 | 2001712581 | 2001712581 | 辽三/辽宁北配(第三批)/4148/ [索取号:G222/5=3] | 在馆 | |
| 15 | 2001712582 | 2001712582 | 辽三/辽宁北配(第三批)/4148/ [索取号:G222/5=3] | 在馆 | |
| 16 | 2001712583 | 2001712583 | 辽三/辽宁北配(第三批)/4148/ [索取号:G222/5=3] | 在馆 | |
| 17 | 2001712584 | 2001712584 | 辽三/辽宁北配(第三批)/4148/ [索取号:G222/5=3] | 在馆 | |
| 18 | 2001712585 | 2001712585 | 辽三/辽宁北配(第三批)/4148/ [索取号:G222/5=3] | 在馆 | |
| 19 | 2001712586 | 2001712586 | 辽三/辽宁北配(第三批)/4148/ [索取号:G222/5=3] | 在馆 | |
| 20 | 2001712587 | 2001712587 | 辽三/辽宁北配(第三批)/4148/ [索取号:G222/5=3] | 在馆 | |
| 21 | 2001712588 | 2001712588 | 辽三/辽宁北配(第三批)/4148/ [索取号:G222/5=3] | 在馆 | |
| 22 | 2001712589 | 2001712589 | 辽三/辽宁北配(第三批)/4148/ [索取号:G222/5=3] | 在馆 | |
| 23 | 2001712590 | 2001712590 | 辽三/辽宁北配(第三批)/4148/ [索取号:G222/5=3] | 在馆 | |
| 24 | 2001712591 | 2001712591 | 辽三/辽宁北配(第三批)/4148/ [索取号:G222/5=3] | 在馆 | |
| 25 | 2001712592 | 2001712592 | 辽三/辽宁北配(第三批)/4148/ [索取号:G222/5=3] | 在馆 | |
| 26 | 2001712593 | 2001712593 | 辽三/辽宁北配(第三批)/4148/ [索取号:G222/5=3] | 在馆 | |
| 27 | 2001712594 | 2001712594 | 辽三/辽宁北配(第三批)/4148/ [索取号:G222/5=3] | 在馆 |